Vývoj zamestnanosti a miezd v SR v 1. polroku 1995

Malé organizácie (do 24 pracovníkov) - vysoká dynamika zamestnanosti. Zvýšenie zamestnanosti oproti 1. polroku 1994 - živnostenský sektor, rozpočtové a spoločenské organizácie. Porovnanie vývoja zamestnanosti a miezd za rovnaké obdobie r. 1994 a 1995.

Guardado en:
Detalles Bibliográficos
Autor principal: Záhorská, M.
Formato: Capítulo de libro
Lenguaje:eslovaco
Materias:
Etiquetas: Agregar Etiqueta
Sin Etiquetas, Sea el primero en etiquetar este registro!

MARC

LEADER 00000naa a2200000 4500
001 r017836
005 20221205102542.6
041 0 |a slo 
044 |a SK 
245 1 0 |a Vývoj zamestnanosti a miezd v SR v 1. polroku 1995  |c M. Záhorská 
520 |a Malé organizácie (do 24 pracovníkov) - vysoká dynamika zamestnanosti. Zvýšenie zamestnanosti oproti 1. polroku 1994 - živnostenský sektor, rozpočtové a spoločenské organizácie. Porovnanie vývoja zamestnanosti a miezd za rovnaké obdobie r. 1994 a 1995. 
610 2 0 |a zamestnanosť 
610 2 0 |a mzdy 
610 2 0 |a január-jún 
610 2 0 |a 1995 
610 2 0 |a 1994 
610 2 0 |a Slovensko 
100 1 |a Záhorská, M.